000 00685nam a2200241 i 4500
001 33424
003 ES-MaACL
005 20250825062627.0
007 t|
008 030202s1969 sp ||||1| baq d
080 _a087.5:22
100 1 _aEcker, Jakob.
_946604
245 1 0 _aUmeen Biblia /
_cJakob Ecker, Kerexeta, Zugasti.
260 _a[Estella (Navarra) :
_bVerbo Divino],
_c1969.
300 _a64 p. :
_bil. col. ;
_c19 cm.
650 7 _aHistoria sagrada
_2embne
_913427
655 7 _aLibros infantiles
_2tgfbne
_9226786
700 1 _aKerexeta.
_967898
700 1 _aZugasti.
_9118432
852 4 _aES-MaACL
_jC-51044
852 4 _aES-MaACL
_jC-51045
999 _c33424
_d33424